Online katalóg knižníc regiónu Turca

Malé vinárstvo v Provensálsku (Record no. 23449)

MARC details
000 -LEADER
fixed length control field 01696nmm a2200469 4500
001 - CONTROL NUMBER
control field 23449
003 - CONTROL NUMBER IDENTIFIER
control field VRT
005 - DATE AND TIME OF LATEST TRANSACTION
control field 20260626111506.0
006 - FIXED-LENGTH DATA ELEMENTS--ADDITIONAL MATERIAL CHARACTERISTICS
fixed length control field m f d
007 - PHYSICAL DESCRIPTION FIXED FIELD--GENERAL INFORMATION
fixed length control field sz fsngnnmmned
008 - FIXED-LENGTH DATA ELEMENTS--GENERAL INFORMATION
fixed length control field 221221s2022 xo zz f d 000 u slo d
020 ## - INTERNATIONAL STANDARD BOOK NUMBER
International Standard Book Number 9788080903114
Qualifying information (elektronická kniha)
035 ## - SYSTEM CONTROL NUMBER
System control number a000716934
039 #9 - LEVEL OF BIBLIOGRAPHIC CONTROL AND CODING DETAIL [OBSOLETE]
Level of rules in bibliographic description 202309121051
Level of effort used to assign nonsubject heading access points izakovicm
Level of effort used to assign subject headings 202309111418
Level of effort used to assign classification kucmanj
040 ## - CATALOGING SOURCE
Original cataloging agency UKB
Language of cataloging slo
Modifying agency UKB
Description conventions rda
041 1# - LANGUAGE CODE
Language code of text/sound track or separate title slo
Language code of original eng
044 ## - COUNTRY OF PUBLISHING/PRODUCING ENTITY CODE
MARC country code xo
ISO country code SK
072 #7 - SUBJECT CATEGORY CODE
Subject category code 821.111-3
Subject category code subdivision Anglická próza, anglicky písaná
Source konspekt
080 ## - UNIVERSAL DECIMAL CLASSIFICATION NUMBER
Universal Decimal Classification number (0.034.2)
Edition identifier 2011
080 ## - UNIVERSAL DECIMAL CLASSIFICATION NUMBER
Universal Decimal Classification number (0.034.44)
Edition identifier 2011
080 ## - UNIVERSAL DECIMAL CLASSIFICATION NUMBER
Universal Decimal Classification number 821.111-31
Edition identifier 2011
080 ## - UNIVERSAL DECIMAL CLASSIFICATION NUMBER
Universal Decimal Classification number (0:82-31)-055.2
Edition identifier 2011
100 1# - MAIN ENTRY--PERSONAL NAME
Personal name Kelly, Ruth
Relationship aut
240 14 - UNIFORM TITLE
Uniform title The little vineyard in Provence.
Language of a work Slovensky
245 10 - TITLE STATEMENT
Title Malé vinárstvo v Provensálsku
Remainder of title román o podmanivých francúzskych viniciach, chrumkavých croissantoch a šanci na nový začiatok
Statement of responsibility, etc. Ruth Kelly ; z anglického originálu The little vineyard in Provence ... do slovenčiny preložila Martina Antošová
250 ## - EDITION STATEMENT
Edition statement Vydanie 1.
264 #1 - PRODUCTION, PUBLICATION, DISTRIBUTION, MANUFACTURE, AND COPYRIGHT NOTICE
Place of production, publication, distribution, manufacture Bratislava
Name of producer, publisher, distributor, manufacturer Grada Slovakia s.r.o. - Metafora
Date of production, publication, distribution, manufacture, or copyright notice 2022
300 ## - PHYSICAL DESCRIPTION
Extent 1 online zdroj (360 strán)
Other physical details ilustrácie
336 ## - CONTENT TYPE
Content type term text
Content type code txt
Source rdacontent
337 ## - MEDIA TYPE
Media type term počítač
Media type code c
Source rdamedia
338 ## - CARRIER TYPE
Carrier type term online zdroj
Carrier type code cr
Source rdacarrier
347 ## - DIGITAL FILE CHARACTERISTICS
File type textový súbor
Encoding format PDF
Source rda
490 1# - SERIES STATEMENT
Series statement Za láskou
500 ## - GENERAL NOTE
General note Názov z titulnej obrazovky
500 ## - GENERAL NOTE
General note Vydala Grada Slovakia, s.r.o. pod značkou Metafora
655 #7 - INDEX TERM--GENRE/FORM
Genre/form data or focus term anglické romány
Source of term SNKPH
655 #7 - INDEX TERM--GENRE/FORM
Genre/form data or focus term romány pre ženy
Source of term SNKPH
655 #7 - INDEX TERM--GENRE/FORM
Genre/form data or focus term elektronické knihy
Source of term UKBPH
700 1# - ADDED ENTRY--PERSONAL NAME
Personal name Antošová, Martina
Relationship trl
830 #0 - SERIES ADDED ENTRY--UNIFORM TITLE
Uniform title Za láskou
942 ## - ADDED ENTRY ELEMENTS (KOHA)
Source of classification or shelving scheme Dewey Decimal Classification
Koha item type Krásna literatúra pre dospelých
Holdings
Stav vyradenia Strata Poškodenie Spôsob nadobudnutia Domovská knižnica Aktuálna knižnica Dátum nadobudnutia Cena Total checkouts Čiarový kód exemplára Date last seen Typ exemplára
      Kúpa Obecná knižnica Horná Štubňa Obecná knižnica Horná Štubňa 19.06.2026 1.00   4736203920 19.06.2026 Krásna literatúra pre dospelých
Projekt je podporený Slovenskou asociáciou knižníc
Prevádzkuje Turčianska knižnica Martin 2026